00422nam a2200121Ia 4500008004100000245016100041260001700202260000900219300000800228650002300236650001200259856002900271170516s9999 xx 000 0 und d aCD44v6 Monoclonal Antibody-Conjugated Gold Nanostars for Targeted Photoacoustic Imaging and Plasmonic Photothermal Therapy of Gastric Cancer Stem-like Cells bTheranostics c2015 a5:9 xMedical Technology xMedtech uhttp://www.thno.org/v5i9